[Event "Morelia/Linares 25th"]
[Site "Morelia/Linares"]
[Date "2008.02.29"]
[Round "9"]
[White "Carlsen, Magnus"]
[Black "Shirov, Alexei"]
[Result "1-0"]
[WhiteElo "2733"]
[BlackElo "2755"]
[Annotator "Marin,M"]
[PlyCount "159"]
[EventDate "2008.02.15"]
[EventType "tourn"]
[EventRounds "14"]
[EventCountry "ESP"]
[EventCategory "21"]
[SourceTitle "CBM 123"]
[Source "ChessBase"]
[SourceDate "2008.04.02"]
[SourceVersion "1"]
[SourceVersionDate "2008.04.02"]
[SourceQuality "1"]

1. e4 e5 2. Nf3 Nc6 3. Bb5 a6 4. Ba4 Nf6 5. O-O b5 6. Bb3 Bc5 7. a4 Rb8 8. c3
d6 9. d4 Bb6 10. Na3 O-O 11. axb5 axb5 12. Nxb5 Bg4 13. Bc2 Bxf3 14. gxf3 Nh5
15. f4 Nxf4 16. Bxf4 exf4 17. Qg4 Qf6 {Shirov bravely repeats the variation
that had led him to defeat against Leko, with the occasion of the recently
played Tal Memorial. Obviously, he had prepared an improvement, but Carlsen 
(who, according to himself, did not expect such a consequent attitude from his
opponent) came up with an over-the-board novelty first.} 18. Ra6 $5 {With so
many unstable black pieces along the 6th rank, this move is quite logical. In
concrete terms, the threat Nxc7 looks (or could become later) annoying.
Black's position in this whole line looks pretty difficult to play. His pieces
are strongly restricted by the enemy centre and there is no obvious pawn break
to be carried out. This explains why, like in the previous game, Shirov did
not manage to come out of the opening with a reasonable position, despite
being familiarized with its subtleties already.} (18. b4 {Leko,P (2755)-Shirov,
A (2739)/Moscow 2007/CBM 122/[Marin] (1-0, 31)}) 18... Ne7 $6 {The same move
he had played against Leko and I believe that the same evaluation applies here:
Black defines his knight's intentions too quickly, releasing the pressure
against the central e5- and d4-squares. Black could look for ways to slightly
improve his position.} ({For the sake of complete similarity, let us take the
same move that I recommended in my notes to the previous game.} 18... g6 $5 {
[%csl Gc2,Gg4][%cal Gh7h5] Restricting the enemy bishop and intending to do
the same with the queen, by means of a further ...h5.} 19. Nxc7 {This is the
critical line, which probably determined Shirov to retreat with his knight..} (
19. b4 h5 20. Qg2 $8 {[%csl Rb5,Rg1][%cal Gf6g5]} Nd8 {[%cal Gd8e6]} 21. d5 $6
c6 $15) (19. Kh1 Nd8 20. d5 Nb7 21. b4 Ra8 $132 {Here, the weakness of the
c3-pawn and Black's excellent control over the dark squares compensate for the
temporary passivity of his knight.}) (19. Na3 h5 20. Qf3 Nd8) 19... Bxc7 20.
Rxc6 Rxb2 21. Bd1 {[%csl Gc7] Theoretically, White has the better bishop, but
it is not easy to activate it. Besides, his rook is somewhat isolated on c6,
while the pressure exerted by the b2-rook could become unpleasant. Besides,
his king is a bit exposed. All these aspects leave the position uncertain.} (
21. Rxc7 Rxc2 $11 {The safer position of Black's king compensates for White's
more flexible structure. Besides, Black has no bad pieces here.}) 21... Bb8 (
21... Bb6 $2 22. e5 $16) 22. Bf3 (22. Kh1 Re8) (22. Be2 $2 {[%cal Ge2c4,Gc4d5]}
Rxe2 $1 23. Qxe2 Qg5+ 24. Kh1 f3 $3 25. Qxf3 Qb5 $19 {[%csl Rc6,Rf1] White's
far from obvious problems of coordination are revealed in this elegant line.})
(22. e5 Qe7 23. exd6 Bxd6 $13 {[%cal Gf8a8] White's pawns are not easy to
advance, but his king could get into danger.} 24. c4 Rd2 {[%csl Gd4]} 25. d5
Ra8 $15) 22... Re8 23. Ra1 h5 24. Qg2 Qh4 $132 {[%cal Ge8e7,Ge7b7]}) 19. Na3 {
[%csl Rb6][%cal Ga3c4]} c6 (19... Ra8 20. Rxa8 Rxa8 21. Nc4 $14) 20. Nc4 Bc7
21. Ra7 {Now, Black's pieces are hanging along the 7th rank already...} Rbc8
22. e5 $1 $16 {Forcing the enemy queen to occupy a passive position and
opening lines for the activation of his own pieces.} dxe5 23. dxe5 Qh6 (23...
Bxe5 $2 {is impossible because... Black had not found the time to play...g6:}
24. Qh5 $18 {[%csl Ge5,Gh7]}) 24. Rd1 Nd5 25. Be4 Rfd8 26. Rd3 {[%cal Gd3h3]}
g6 {More or less forced already, but look at Black's queen!} 27. Bxd5 ({
He could also have tried to increase his pressure slowly with} 27. Ra6 $5 $16)
27... cxd5 28. Rxd5 Rxd5 29. Qxc8+ Kg7 30. Qg4 $6 {Not really a bad move,
since White maintains excellent practical chances.} ({However, as the
following analysis provided by Frederic Friedel proves, White could have
captured the bishop and avoided perpetual check: "} 30. Rxc7 Qg5+ 31. Kf1 Rd1+
32. Ke2 Qg1 33. Rxf7+ $1 Kxf7 34. Nd6+ Kg7 35. Qd7+ Kh6 36. Nf7+ Kg7 37. Qxd1
f3+ 38. Kd2 Qxf2+ 39. Kc1 Qe3+ 40. Qd2 Qa7 {threatening ...f2, ...f1Q and
after Qxf1 Qa1+ with Qxf1+-} (40... Qg1+ 41. Kc2 f2 (41... Kxf7 42. Qd7+ Kg8
43. e6 Qxh2+ 44. Kb1 {and with his king finding safety White can use his
e-pawn to win.}) 42. Ng5 Qxg5 43. Qxg5 f1=Q 44. Qf6+ {wins for White}) (40...
f2 41. Qxe3 f1=Q+ 42. Kc2 Kxf7 {doesn't look at all appealing}) 41. Qg5 (41.
Qh6+ Kg8) 41... Qxf7 42. Kd2 Qa2 43. Qf6+ Kg8 44. Qd8+ Kg7 45. Qe7+ Kg8 46. Qb4
f2 47. Ke2 Qf7 48. Kf1 Qf3 {White has good chances to win."}) 30... Bxe5 31. h4
Bb8 32. Rb7 Rd8 33. Kg2 Kg8 34. Qg5 Qf8 35. Qf6 Re8 36. b4 Re6 37. Qd4 Qc8 38.
Rd7 Qc6+ 39. Qd5 Qxd5+ 40. Rxd5 Rc6 41. Nd2 f3+ 42. Nxf3 Kg7 43. Rd8 Bc7 44.
Rd7 Rxc3 45. Ng5 Kg8 46. Ne4 Rc4 47. Nf6+ Kf8 48. Nxh7+ Ke8 49. Nf6+ Kf8 50.
Nd5 Be5 51. b5 Rxh4 52. b6 Rd4 53. Kf3 Kg7 54. Ke3 Ra4 55. b7 Ra3+ 56. Ke4 Bh2
57. Nc7 Rb3 58. Ne6+ Kf6 59. Nd8 g5 60. Rxf7+ Kg6 61. Rd7 g4 62. Ne6 g3 63.
fxg3 Bxg3 64. Kd5 Rb1 65. Kc6 Rc1+ 66. Nc5 Bb8 67. Rd5 Ba7 68. Kd7 Bb8 69. Ne6
Kf6 70. Rc5 Rb1 71. Nd8 Bh2 72. Rc6+ Ke5 73. Rc1 Rb3 74. Rc2 Bf4 75. Kc6 Kf5
76. Rc5+ Kf6 77. Kd7 Rb1 78. Kc8 Bh2 79. Rc6+ Ke5 $4 {A terrible blunder in a
probably defensible position. The king had crossed this diagonal before, but
the b8-square was not controlled by the enemy king at that moment.} (79... Kf5
80. Ne6 $5 {[%cal Ge6c7]} Rg1 $1 {(Only this rook transfer keeps the game
going.)} 81. Nc7 Rg8+ 82. Kd7 Rg7+ 83. Kd8 Rg8+ 84. Ne8 Rh8) 80. b8=Q+ 1-0

[Event "RUS-ch Superfinal"]
[Site "Moscow"]
[Date "2006.12.14"]
[Round "10"]
[White "Khairullin, Ildar"]
[Black "Inarkiev, Ernesto"]
[Result "0-1"]
[WhiteElo "2543"]
[BlackElo "2628"]
[Annotator "Marin,M"]
[PlyCount "128"]
[EventDate "2006.12.03"]
[EventType "tourn"]
[EventRounds "11"]
[EventCountry "RUS"]
[EventCategory "15"]
[SourceTitle "CBM 116"]
[Source "ChessBase"]
[SourceDate "2007.02.01"]
[SourceVersion "1"]
[SourceVersionDate "2007.02.01"]
[SourceQuality "1"]

1. e4 e5 2. Nf3 Nc6 3. Bb5 a6 4. Ba4 Nf6 5. O-O b5 6. Bb3 Bc5 7. c3 {White
plays in the spirit of the Arhangelsk variation, with the difference that Re1
and ...Bb7 have not been played. In principle, I believe that his small
details tends to favour Black. The rook is useful on e1, because it protects
the e4-pawn, while the presence of the bishop on the c8-h3 diagonal creates
the permanent threat of ...Bg4. If White prevents it with h3, then Black could
switch to the Arhangelsk with ...Bb7, when h3 would hardly be more useful than
Re1.} (7. a4 {is a more frequent choice.}) 7... d6 8. d4 Bb6 9. Bg5 h6 10. Bxf6
{White intends to take advantage of the absence of the bishop from b7 by
radical means. However, giving up the dark-squared bishop is a double-edged
decision, especially that the d4-square is submitted to strong pressure.} ({
In case of the more natural} 10. Bh4 {Black can safely play} g5 {, because he
has not castled yet and the sacrifice on g5 would hardly offer White attacking
chances.} 11. Bg3 O-O {With the dark-squared bishop placed on any virtually
other square than g3, the weakness of the black kingside would incline the
balance to White's favour. The way it is, White cannot play the generally
desirable h4 because of ...Nh5 followed by g4, while the bishop also blocks
one of the main routes of the queen's knight to the f5- and h5-squares.} 12.
Nbd2 (12. dxe5 Nxe5 13. Nxe5 dxe5 14. Bxe5 Qxd1 15. Rxd1 Nxe4 {[%csl Gf2]} 16.
Bd4 Bxd4 17. cxd4 Bb7 18. Nd2 Nxd2 19. Rxd2 Rad8 20. Rc1 Rd7 21. f3 Rfd8 $11 {
Hracek,Z (2605)-Adams,M (2680)/Germany 1997/GER-chT (1/2-1/2, 32)}) (12. Re1 {
gives Black a choice between} Bb7 {, transposing to a genuine Arhangelsk and
12...Bg4.}) 12... exd4 13. cxd4 Nxd4 14. Nxd4 Bxd4 15. Nf3 Bb6 16. Qc2 Nh5 (
16... Bb7 $5) 17. Bd5 Nxg3 18. hxg3 Rb8 19. e5 Kg7 20. Rad1 dxe5 21. Bxf7 Qf6
$15 {The weakness of the f2-square restricts White's active possibilities,
putting her compensation under some doubt, Polgar,J (2630)-Adams,M (2655)/Dos
Hermanas 1995/CBM 047 (1/2-1/2, 41)}) 10... Qxf6 11. Bd5 {This is the idea
behind White's previous move. However, the pin of the knight is just temporary.
} Bd7 {This is the most convenient answer.} (11... Bb7 {eliminates one pin,
just to allow another one. Black's position is acceptable anyway and the
practical results have been quite OK for him, but White has some chances to
maintain the pressure.} 12. a4 O-O 13. dxe5 (13. Na3 exd4 14. cxd4 Rfb8 $5 {
[%csl Gb7]} (14... b4 15. Nc4 Ba7 16. Qd3 Rab8 17. Rad1 b3 18. e5 $36 {
Georgiev,K (2610)-Fernandez Garcia,J (2210)/Komotini 1992/EXT 2000 (1/2-1/2,
50)}) 15. Nc2 (15. axb5 axb5 16. Nxb5 Rxa1 17. Qxa1 Nxd4 18. Nfxd4 Bxd5 19.
exd5 Bxd4 $15) 15... bxa4 $5 (15... Qd8 16. axb5 axb5 17. Qd3 $14 {Korneev,O 
(2590)-Fernandez Garcia,J (2465)/Linares 1996/CBM 051 ext (1/2-1/2, 40)}) 16.
Rxa4 a5) 13... dxe5 14. axb5 axb5 15. Na3 Rad8 16. Qe2 (16. Nxb5 Ne7 $17) 16...
Bc8 (16... b4 $5) 17. Bxc6 (17. Nxb5 $6 {is risky because of} Ne7 $15 18. Bc4
Ng6 19. g3 Bg4 20. Kg2 Rd2 $1 $19) ({However, it remains an open question how
should Black continue after} 17. Qxb5 $5) 17... Qxc6 18. Nxb5 Bg4 19. Na3 f5
$44 {Smeets,J (2531)-Mamedyarov,S (2674)/Instanbul 2005/CBM 109 ext (1/2-1/2,
28)}) 12. dxe5 $6 $146 {This early release of the tension in the centre would
be justified only if White would get an advantage of development, but this is
hardly the case. However, Black does not seem to have problems after more
consistent continuations either.} (12. Na3 Rd8 13. Nc2 O-O 14. Qd3 (14. Qd2
Rfe8 15. Rfe1 Ne7 16. Ne3 c6 17. Bb3 exd4 18. Nxd4 Ng6 19. Bc2 Nf4 20. Rad1 g6
21. Kh1 Qg5 22. g3 Ne6 $13 {Filipenko,A (2380)-Arbakov,V (2415)/Cheliabinsk
1989/EXT 2000 (1/2-1/2, 56)}) 14... Ne7 15. Bb7 (15. Ne3) 15... a5 (15... Ng6
16. Bxa6 Nf4 17. Qe3 Bh3 18. Nce1 Qg6 19. Nh4 Qg4 20. Kh1 Qxh4 21. gxh3 $15 {
Adams}) 16. Ne3 exd4 17. cxd4 a4 $11 {Mortensen,E (2455)-Adams,M (2680)/Koge
1997/EXT 2000 (0-1, 41)}) (12. a4 Rb8 13. Bxc6 $6 {This and the last move are
obvious concessions.} Bxc6 14. a5 $6 Ba7 15. Qd3 O-O {Black has very little to
complain about. In the long run, the pair of bishops should offer him an
advantage.} 16. Nbd2 g5 $6 {However, this unprepared action will only leave
Black with weaknesses.} ({He should have continued the mobilisation of his
forces with} 16... Rbd8 17. Rfe1 Rfe8 {and for White it would have not been
easy to maintain the tension in the centre.} 18. Nf1 Bb7 19. b4 exd4 20. cxd4
c5 $36 {[%csl Ya7,Yb7]}) 17. h3 h5 $6 18. Qe3 g4 19. dxe5 Bxe3 20. exf6 Bf4 21.
hxg4 hxg4 22. Nd4 Bb7 23. Rad1 Bg5 24. Nf5 $14 {White finally got some clear
idea of play. The f5-knight is strong, while the g4-pawn is vulnerable.
Oleksienko,M (2509)-Calistri,T (2382)/Guingamp 2006/CBM 111 ext (1-0, 38)})
12... dxe5 13. a4 Rd8 $15 {Black has cleared the d6-a8 diagonal, leaving the
enemy bishop exposed on d5.} 14. axb5 axb5 15. Bxc6 Bxc6 16. Qe2 g5 $5 {
With the rook on h8 still and the centre open, this action is much sounder
than in the game Oleksienko-Calistri.} ({Actually, the simple} 16... O-O $15 {
[%csl Yb6,Yc6] would also leave Black with very comfortable play.}) 17. b4 (17.
h3 h5 $17 {[%cal Yh8h1,Gg5g4]}) 17... g4 18. Nfd2 h5 {[%cal Yh5h4,Yg4g3]} 19.
c4 {White has to react somehow in order to question the stability of the enemy
bishops. Otherwise, he would be simply crushed on the kingside.} bxc4 20. Nxc4
Bxe4 $1 ({In fact there is nothing wrong with} 20... Bd4 $15) 21. Ra3 (21. Qxe4
$2 Qxf2+ $1 $19) (21. Nxb6 Bd3 $17) 21... Bxb1 22. Nxb6 cxb6 23. Rxb1 O-O {
The relative weakness of the black kingside does not offer White adequate
compensation for the pawn, mainly because the weakness of the back rank leaves
the white king in a delicate situation, too.} 24. Re3 Rfe8 25. f3 Rd4 26. fxg4
hxg4 {It is hard to say which king is more exposed now.} 27. b5 Qe6 28. h3 f5
29. Re1 Kg7 30. hxg4 Rxg4 31. Rxe5 Qxe5 32. Qxe5+ Rxe5 33. Rxe5 Kf6 34. Re8 (
34. Rd5 Ke6 35. Rd8 Rb4 {is very much the same.}) 34... Rb4 35. Kf2 Kg5 36. Re6
Rxb5 {White has managed to simplify the position, but has to struggle still.}
37. g3 Rb2+ 38. Kf3 Rb3+ 39. Kf2 b5 40. Rb6 Rb1 41. Kf3 b4 42. Kf2 {By this
moment, White probably made up his defensive plan. Theking protects the g-pawn,
while the rook not only controls the passed pawn, but prevents the enemy king
from marching on to the queenside as well. Everything is logical, but there is
one flaw in this plan as we shall see.} Kg4 43. Rg6+ Kh5 44. Rf6 Kg5 45. Rb6
Rb3 46. Kg2 $2 {The decisive mistake. This is the worse possible moment to
move the king away from the centre.} ({There was nothing wrong with activating
the rook with} 46. Rb8 {and only after} Kf6 {restrict the king with} 47. Rb5 {
. I do not see how Black can make progress after} Ke6 48. Kg2 Rb1 49. Kf3 b3
50. Kg2 $11) ({Or if White really wants to maintain the control of the 6th
rank,} 46. Ke2 {is entirely possible as well and if} Kg4 {then} 47. Rg6+ Kh3
48. Rg5 {with an immediate draw.}) {Since the further advance of the b-pawn
does not offer Black winning chances, it might seem that White could count on
a draw. However, Innarkiev finds a remarkable winning idea.} 46... f4 $3 {
With the tablebases at one's disposal, this move is easy to spot, but in an
over-the-board game it surely requires good endgame knowledge to understand
that Black is winning only by exchanging these pawns. The idea is to simply
get rid of the own weakness and clear the king's way to the queenside.} 47.
gxf4+ Kxf4 48. Kf2 {It is too late to activate the rook already.} (48. Re6 Rb2+
49. Kf1 b3 50. Ke1 Rh2 51. Rb6 b2 52. Kd1 Ke3 53. Rb8 Kd3 54. Rd8+ (54. Ke1
b1=Q+) 54... Kc3 55. Rc8+ Kb3 56. Rb8+ Ka2 57. Ra8+ Kb1 $19) (48. Rh6 Rb2+ ({
Avoiding} 48... Ke3 $4 49. Rh3+ $11) 49. Kf1 Ke3 50. Rh3+ Kd2 51. Rh2+ Kc1 $19)
48... Rb2+ 49. Ke1 Ke3 50. Kd1 Kd3 51. Kc1 Kc3 52. Rh6 Kb3 53. Rh3+ Ka2 54. Rh4
Rb1+ 55. Kd2 b3 56. Ra4+ Kb2 57. Ra8 Ra1 58. Rb8 Ra7 59. Kd3 Rd7+ 60. Ke3 Kc2
61. Rc8+ Kb1 62. Rb8 b2 63. Rb6 Ra7 64. Kd2 Ka1 0-1